000 00919nam a2200253Ia 4500
003 OSt
005 20221005113248.0
006 a|||||r|||| 00| 0
007 ta
008 221004b |||||||| |||| 00| 0 pan d
020 _a8130200864 (pbk)
_c200
024 _a17437
037 _b919, 20/03/2015, H.K. Prakashan
_cTextual
040 _aCRL
_cCRL
_bpan
041 _2pan
_apan
082 _aO153:g(U42), P7
100 _aਮਾਂਗਟ, ਜਸਵਿੰਦਰ ਕੌਰ, ਥਦ.
245 0 _aਪੰਜਾਬੀ ਡਾਇਸਪੋਰਾ
260 _aਪਟਿਆਲਾ
_bਪੰਜਾਬੀ ਯਸ਼ਨੀਵਰਸਿਟੀ ਭਾਰਤ
_c2007
300 _a291ਪੰ
_ccm.
650 _aਪੰਜਾਬੀ ਸਾਹਿਤ
942 _hO153:g(U42), P7
_cTEXL
_2cc
999 _c1027588
_d1027588